[Event "BCF-ch U13"]
[Site "Bournemouth"]
[Date "2016.08.05"]
[Round "7"]
[White "Zhang, Harvey Y"]
[Black "Rahulan, Thivyaa"]
[Result "1-0"]
[WhiteElo "1691"]
[BlackElo "1378"]
[PlyCount "43"]
[EventDate "2016.07.31"]
[EventType "swiss"]
[EventRounds "7"]
[EventCountry "ENG"]
[SourceTitle "CBM 173 Extra"]
[Source "ChessBase"]
[SourceDate "2016.08.29"]
[SourceVersion "1"]
[SourceVersionDate "2016.08.29"]
[SourceQuality "1"]

1. d4 f5 2. Bg5 g6 3. Nd2 Bg7 4. e3 Nf6 5. h4 0-0 6. Nh3 d6 7. Nf4 e5 8. dxe5 dxe5 9. Bc4+ Kh8 10. Nxg6+ hxg6 11. h5 gxh5 12. Rxh5+ Bh6 13. Bxh6 Nxh5 14. Qxh5 Qe8 15. Qh4 Rf7 16. Bxf7 Qxf7 17. Qd8+ Qg8 18. Qf6+ Kh7 19. Bf8 Qg6 20. Qxe5 c6 21. 0-0-0 Nd7 22. Rh1+ 1-0

[Event "BCF-ch U12"]
[Site "Coventry"]
[Date "2015.08.05"]
[Round "5"]
[White "Zhang, Harvey Y"]
[Black "Verma, Aditya"]
[Result "1/2-1/2"]
[WhiteElo "1704"]
[BlackElo "1696"]
[PlyCount "51"]
[EventDate "2015.08.02"]
[EventType "swiss"]
[EventRounds "7"]
[EventCountry "ENG"]
[SourceTitle "CBM 167 Extra"]
[Source "ChessBase"]
[SourceDate "2015.09.14"]
[SourceVersion "1"]
[SourceVersionDate "2015.09.14"]
[SourceQuality "1"]

1. d4 d5 2. Nf3 Nf6 3. c4 c6 4. Nc3 e6 5. e3 a6 6. a3 Qc7 7. Bd3 dxc4 8. Bxc4 b5 9. Bd3 c5 10. 0-0 Nbd7 11. Ne4 Bb7 12. Nxc5 Nxc5 13. dxc5 Bxc5 14. b4 Bd6 15. h3 Be5 16. Ra2 Rd8 17. Rc2 Qb8 18. Nxe5 Qxe5 19. Rc5 Rd5 20. Qc2 Rxc5 21. bxc5 Qd5 22. f3 Nd7 23. Bb2 Qxc5 24. Bxh7 f5 25. Bg6+ Ke7 26. Qxc5+ 1/2-1/2

[Event "BCF-ch U10"]
[Site "Aberystwyth"]
[Date "2014.07.30"]
[Round "4"]
[White "Thakar, Abhishek"]
[Black "Zhang, Harvey Y"]
[Result "0-1"]
[WhiteElo "108"]
[BlackElo "144"]
[PlyCount "132"]
[EventDate "2014.07.28"]
[EventType "swiss"]
[EventRounds "7"]
[EventCountry "WLS"]
[SourceTitle "EXT 2017"]
[Source "ChessBase"]
[SourceDate "2016.10.25"]
[SourceVersion "1"]
[SourceVersionDate "2016.10.25"]
[SourceQuality "1"]

1. e4 c5 2. d4 cxd4 3. c3 Nf6 4. e5 Nd5 5. cxd4 Nc6 6. Nf3 d6 7. Bc4 Nb6 8. Bd3 d5 9. Nc3 Bg4 10. Be2 e6 11. 0-0 Be7 12. Bf4 0-0 13. Rc1 a6 14. Re1 Rc8 15. h3 Bh5 16. Be3 Na5 17. Bd2 Nac4 18. b3 Bxf3 19. Bxf3 Nxd2 20. Qxd2 Bg5 21. Qd3 Bxc1 22. Rxc1 Qg5 23. Rd1 Rc7 24. Ne2 Rfc8 25. Kh2 Nd7 26. Bg4 h5 27. Bf3 g6 28. Qb1 Qe7 29. Qd3 Rc2 30. Rd2 Rxd2 31. Qxd2 Nf8 32. Qd3 Qc7 33. g4 hxg4 34. Bxg4 Qc2 35. Qxc2 Rxc2 36. a3 Ra2 37. a4 Rb2 38. Nc1 Rxf2+ 39. Kg3 Rc2 40. Nd3 Rc3 41. Be2 Rxb3 42. Kf4 Nd7 43. h4 Ra3 44. Kg4 Rxa4 45. Kg5 Rxd4 46. Bf1 b5 47. Nb2 Nxe5 48. Kf6 Rf4+ 49. Kxe5 Rxf1 50. Nd3 Rf5+ 51. Kd4 b4 52. Nxb4 Rf4+ 53. Kc3 Rxb4 54. Kxb4 f5 55. Kc3 a5 56. Kd4 a4 57. Kc3 f4 58. Kd3 a3 59. Kc2 f3 60. Kd2 a2 61. h5 a1Q 62. Ke3 d4+ 63. Kd2 Qc3+ 64. Kd1 d3 65. hxg6 Qc2+ 66. Ke1 Qe2# 0-1

[Event "BCF-ch U11"]
[Site "Aberystwyth"]
[Date "2014.07.23"]
[Round "2"]
[White "Wang, Susie"]
[Black "Zhang, Harvey Y"]
[Result "0-1"]
[WhiteElo "114"]
[BlackElo "144"]
[PlyCount "60"]
[EventDate "2014.07.22"]
[EventType "swiss"]
[EventRounds "7"]
[EventCountry "WLS"]
[SourceTitle "EXT 2017"]
[Source "ChessBase"]
[SourceDate "2016.10.25"]
[SourceVersion "1"]
[SourceVersionDate "2016.10.25"]
[SourceQuality "1"]

1. e4 c5 2. Nf3 Nc6 3. d4 cxd4 4. Nxd4 g6 5. Nc3 Bg7 6. Be3 Nf6 7. f3 0-0 8. Qd2 d5 9. 0-0-0 dxe4 10. Nxe4 Nxe4 11. fxe4 Qc7 12. Bc4 Nxd4 13. Bxf7+ Rxf7 14. Bxd4 e5 15. Be3 Be6 16. Kb1 Qc4 17. Qd3 Qxa2+ 18. Kc1 Rd7 19. Qa3 Qxa3 20. bxa3 b6 21. Rxd7 Bxd7 22. Rd1 Bc6 23. a4 Bxe4 24. a5 Rc8 25. Rd2 bxa5 26. Kb1 Rc7 27. Kb2 a4 28. g3 a3+ 29. Kc1 Rb7 30. c3 Rb1# 0-1

[Event "Sunningdale e2e4 op 04"]
[Site "Ascot"]
[Date "2014.04.21"]
[Round "8"]
[White "Zhang, Harvey Y"]
[Black "Crouch, Timothy J"]
[Result "1-0"]
[WhiteElo "1671"]
[BlackElo "1635"]
[PlyCount "103"]
[EventDate "2014.04.17"]
[EventType "swiss"]
[EventRounds "9"]
[EventCountry "ENG"]
[SourceTitle "CBM 159 Extra"]
[Source "ChessBase"]
[SourceDate "2014.04.24"]
[SourceVersion "1"]
[SourceVersionDate "2014.04.24"]
[SourceQuality "1"]

1. d4 d5 2. Nf3 Bf5 3. c4 c6 4. Nc3 e6 5. Bf4 Bd6 6. Bxd6 Qxd6 7. e3 Bg4 8. Be2 Bxf3 9. Bxf3 dxc4 10. a4 a5 11. Qc2 Nf6 12. Rc1 Nd5 13. Ne4 Qb4+ 14. Qd2 0-0 15. Qxb4 axb4 16. Rxc4 Rxa4 17. 0-0 Nd7 18. Nc5 Nxc5 19. dxc5 Rfa8 20. b3 Ra1 21. Bxd5 exd5 22. Rxb4 Rxf1+ 23. Kxf1 Rb8 24. Ke2 f5 25. Kf3 Kf7 26. h3 Ke6 27. Kf4 Kf6 28. h4 h6 29. h5 Ke6 30. f3 Kf6 31. Rb6 Ke6 32. b4 Kf6 33. b5 Ra8 34. bxc6 Ra4+ 35. Kg3 bxc6 36. Rxc6+ Kf7 37. Rd6 Rc4 38. Rxd5 Ke6 39. Rd6+ Ke7 40. Rc6 Kf7 41. Rc7+ Kf6 42. f4 Rc2 43. Kf3 Rc3 44. c6 Rc2 45. Kg3 Rc3 46. Kf3 Rc2 47. g3 Rc3 48. Ke2 g5 49. Kd2 Rc5 50. Rh7 gxf4 51. gxf4 Rd5+ 52. Ke2 1-0

[Event "Sunningdale e2e4 U1800 op 04"]
[Site "Sunningdale"]
[Date "2014.04.18"]
[Round "3"]
[White "Davidson, Laura"]
[Black "Zhang, Harvey Y"]
[Result "1/2-1/2"]
[WhiteElo "1337"]
[BlackElo "1671"]
[PlyCount "177"]
[EventDate "2014.04.17"]
[EventType "swiss"]
[EventRounds "7"]
[EventCountry "ENG"]
[SourceTitle "EXT 2015"]
[Source "ChessBase"]
[SourceDate "2014.11.20"]
[SourceVersion "1"]
[SourceVersionDate "2014.11.20"]
[SourceQuality "1"]

1. e4 c5 2. Nc3 Nc6 3. f4 g6 4. Nf3 Bg7 5. Bb5 Nd4 6. 0-0 a6 7. Be2 e6 8. Nxd4 cxd4 9. Nb1 Ne7 10. d3 b5 11. a3 Bb7 12. Bd2 Rc8 13. Kh1 d5 14. Bf3 dxe4 15. Bxe4 Bxe4 16. dxe4 Qc7 17. c3 0-0 18. Qf3 Qc6 19. Re1 Rfd8 20. Qh3 Rd7 21. Qf3 Rcd8 22. Rc1 Qb7 23. a4 dxc3 24. bxc3 Rd3 25. Qe2 bxa4 26. Qe1 Qc6 27. Rd1 h5 28. Na3 Bxc3 29. Bxc3 Rxd1 30. Rxd1 Rxd1 31. Qxd1 Qxc3 32. Nc2 Kg7 33. h3 Qc4 34. Qa1+ f6 35. Qd1 Qxe4 36. Qd7 Kf7 37. Qd2 Qd5 38. Qe1 Qf5 39. Nb4 Qa5 40. Qb1 Qb5 41. Qe1 Nd5 42. Nxd5 Qxd5 43. Qb4 Qb5 44. Qd4 Qb7 45. Qd1 a3 46. Qa1 Qb2 47. Qd1 Qb5 48. Qc1 Qb4 49. Qa1 a5 50. Qc1 a4 51. Qd1 Qb5 52. Qc1 Qb4 53. Qd1 Ke7 54. Qc1 Qd6 55. Qc4 Qd1+ 56. Kh2 Kd7 57. Qb5+ Kd6 58. Qb4+ Kd5 59. Qxa3 Qb3 60. Qe7 a3 61. Qxf6 a2 62. Qe5+ Kc6 63. Qe4+ Kc5 64. Qe5+ Kb4 65. Qb8+ Kc3 66. Qe5+ Kc2 67. Qe2+ Kb1 68. Qe1+ Kb2 69. Qe5+ Qc3 70. Qe2+ Qc2 71. Qe5+ Kb1 72. Qe1+ Kb2 73. Qe5+ Qc3 74. Qe2+ Qc2 75. Qe5+ Kb3 76. Qxe6+ Qc4 77. Qe3+ Kb4 78. Qe7+ Kb3 79. Qe3+ Kb4 80. Qe7+ Kb5 81. Qe5+ Kc6 82. Qf6+ Kd7 83. Qg7+ Kc8 84. Qh8+ Kb7 85. Qg7+ Kc8 86. Qh8+ Kb7 87. Qg7+ Kc8 88. Qh8+ Kb7 89. Qg7+ 1/2-1/2

[Event "Sunningdale e2e4 op U1800 05"]
[Site "Sunningdale"]
[Date "2013.05.26"]
[Round "5"]
[White "Zhang, Harvey Y"]
[Black "Lim, Yu Chin"]
[Result "0-1"]
[WhiteElo "1313"]
[BlackElo "1593"]
[PlyCount "126"]
[EventDate "2013.05.25"]
[EventType "swiss"]
[EventRounds "7"]
[EventCountry "ENG"]
[SourceTitle "EXT 2014"]
[Source "ChessBase"]
[SourceDate "2013.11.20"]
[SourceVersion "1"]
[SourceVersionDate "2013.11.20"]
[SourceQuality "1"]

1. d4 d5 2. Nf3 Nf6 3. Bf4 e6 4. e3 Bd6 5. Bxd6 Qxd6 6. c4 dxc4 7. Qa4+ Bd7 8. Qxc4 Na6 9. Nc3 c6 10. a3 0-0 11. b4 b5 12. Qd3 Nc7 13. Be2 Ncd5 14. Nxd5 cxd5 15. 0-0 a5 16. Qb3 a4 17. Qb2 Ne4 18. Ne5 Rfc8 19. Rac1 Qe7 20. f3 Nd6 21. Rc5 Nc4 22. Bxc4 bxc4 23. Qc3 Be8 24. f4 f6 25. Nf3 Bg6 26. Ne1 Be4 27. Nf3 Qe8 28. Nd2 Bd3 29. Rf3 Qh5 30. Nf1 Qg6 31. Rg3 Qh5 32. Rf3 Qg4 33. h3 Qg6 34. Rg3 Qh5 35. Rf3 Qh4 36. Kh2 Be2 37. g3 Qh5 38. Rf2 Bg4 39. Kg1 Bxh3 40. Rh2 Qg4 41. Qe1 Bxf1 42. Kxf1 Qf3+ 43. Kg1 e5 44. Qf2 Qd1+ 45. Qf1 Qb3 46. Qh3 Qxe3+ 47. Kf1 Qd3+ 48. Ke1 Rxc5 49. Qe6+ Kh8 50. Rxh7+ Qxh7 51. dxc5 exf4 52. Qxd5 Re8+ 53. Kd2 Qd3+ 54. Qxd3 cxd3 55. Kxd3 fxg3 56. c6 g2 57. b5 g1Q 58. Kc4 Qb6 59. Kb4 Re4+ 60. Kc3 Qc5+ 61. Kd3 Qd4+ 62. Kc2 Re2+ 63. Kc1 Qa1# 0-1

[Event "Sunningdale e2e4 op U1800 05"]
[Site "Sunningdale"]
[Date "2013.05.26"]
[Round "4"]
[White "Zhang, Harvey Y"]
[Black "Summerland, David"]
[Result "1-0"]
[WhiteElo "1313"]
[BlackElo "1561"]
[PlyCount "55"]
[EventDate "2013.05.25"]
[EventType "swiss"]
[EventRounds "7"]
[EventCountry "ENG"]
[SourceTitle "EXT 2014"]
[Source "ChessBase"]
[SourceDate "2013.11.20"]
[SourceVersion "1"]
[SourceVersionDate "2013.11.20"]
[SourceQuality "1"]

1. d4 d6 2. Nf3 Nc6 3. Bf4 Bf5 4. c3 g6 5. e3 a6 6. Bd3 Bxd3 7. Qxd3 Qd7 8. 0-0 Nf6 9. Nbd2 Nh5 10. Bg3 Nxg3 11. fxg3 Bg7 12. e4 0-0 13. Rae1 e5 14. d5 Na7 15. c4 Nc8 16. b4 b5 17. c5 c6 18. Nb3 Na7 19. Rc1 cxd5 20. Qxd5 Nc6 21. a3 Rad8 22. cxd6 Nd4 23. Nfxd4 exd4 24. e5 Qe6 25. Qxe6 fxe6 26. Nxd4 Bxe5 27. Nc6 Bxd6 28. Nxd8 1-0